[Event "Ann Arbor (Ann Arbor Open, U1700/3)"]
[Site "?"]
[Date "1996.??.??"]
[Round "?"]
[White "Vangilder, W."]
[Black "Dolin, Jack"]
[Result "1/2-1/2"]
[WhiteElo "1605"]
[BlackElo "1605"]
[PlyCount "115"]
[EventDate "1996.??.??"]

{1700/(3)} 1. d4 d5 2. c4 e6 3. Nc3 Nf6 4. cxd5 exd5 5. Bg5 Be7 6. e3 O-O 7.
Bd3 Bg4 8. Qb3 c6 9. Bxf6 Bxf6 10. Qxb7 Qb6 11. Qxb6 axb6 12. h3 Bd7 13. Nf3
Re8 14. O-O Na6 15. Rfc1 Nb4 16. Be2 Bf5 17. Ne1 c5 18. Bb5 Red8 19. a3 cxd4
20. exd4 Na6 21. Nf3 Nc7 22. Ba4 Ne6 23. Bc2 Bxc2 24. Rxc2 Nxd4 25. Nxd4 Bxd4
26. Rd1 Be5 27. Rcd2 d4 28. Kf1 f5 29. Ne2 Ra4 30. b3 Rxa3 31. Nxd4 Bxd4 32.
Rxd4 Rxd4 33. Rxd4 Rxb3 34. Rd7 Rb2 35. Rb7 h5 36. h4 Kh7 37. g3 Kh6 38. Rb8
Kg6 39. Kg2 Kf6 40. Kf3 Rb4 41. Kg2 Ke7 42. Rb7+ Kf6 43. Rb8 g5 44. hxg5+ Kxg5
45. f4+ Kf6 46. Rf8+ Kg6 47. Rg8+ Kh6 48. Kh3 Rc4 49. Rb8 Rc6 50. Kh4 Rg6 51.
Rh8+ Kg7 52. Rxh5 Rh6 53. g4 fxg4 54. Rxh6 Kxh6 55. Kxg4 b5 56. Kf3 b4 57. Ke2
b3 58. Kd2 1/2-1/2

[Event "Flint (MI Jr Spon/3)"]
[Site "?"]
[Date "1996.??.??"]
[Round "?"]
[White "Vangilder, W."]
[Black "Brinks, K."]
[Result "1/2-1/2"]
[WhiteElo "1605"]
[BlackElo "1605"]
[PlyCount "72"]
[EventDate "1996.??.??"]

1. d4 Nf6 2. c4 e5 3. dxe5 Ng4 4. Bf4 Nc6 5. Nf3 Bb4+ 6. Nbd2 Qe7 7. e3 Ngxe5
8. Nxe5 Nxe5 9. Be2 O-O 10. O-O f5 11. a3 Bd6 12. b4 c5 13. bxc5 Bxc5 14. Nb3
Nf7 15. Re1 Bxa3 16. Nd4 Bb2 17. Rb1 Bxd4 18. Qxd4 d6 19. Bf3 Ne5 20. Bd5+ Kh8
21. Red1 Rb8 22. Qxa7 Be6 23. Bxe6 Qxe6 24. Rxb7 Rxb7 25. Qxb7 Qxc4 26. Bxe5
dxe5 27. Qb2 Qc7 28. Rc1 Qd6 29. Rb1 h6 30. Qb4 Qxb4 31. Rxb4 Rd8 32. g3 e4 33.
Rb7 Rf8 34. h4 g5 35. hxg5 hxg5 36. Rb5 Rf6 1/2-1/2

[Event "Flint (MI Jr Spon/4)"]
[Site "?"]
[Date "1996.??.??"]
[Round "?"]
[White "Vangilder, W."]
[Black "Belill, Mike"]
[Result "1-0"]
[WhiteElo "1605"]
[BlackElo "1605"]
[PlyCount "59"]
[EventDate "1996.??.??"]

1. d4 d5 2. c4 e5 3. dxe5 d4 4. Nf3 Nc6 5. g3 Bg4 6. Bg2 Qd7 7. O-O O-O-O 8. a3
Bxf3 9. Bxf3 Nxe5 10. Bd5 Nf6 11. Bg2 Nxc4 12. b3 Nb6 13. a4 Bb4 14. Bd2 Nfd5
15. a5 Na8 16. a6 b6 17. Bxb4 c5 18. Bd2 Nac7 19. Na3 Rhe8 20. Nc4 Nb5 21. b4
Nbc3 22. Bxc3 Nxc3 23. Nxb6+ axb6 24. Qb3 Qa7 25. bxc5 Nxe2+ 26. Kh1 bxc5 27.
Bb7+ Kc7 28. Qxf7+ Kb8 29. Rab1 d3 30. Bc6+ 1-0

[Event "Flint (MI Jr Spon/1)"]
[Site "?"]
[Date "1996.??.??"]
[Round "?"]
[White "Vangilder, W."]
[Black "Bailey, Greg"]
[Result "0-1"]
[WhiteElo "1605"]
[BlackElo "2005"]
[PlyCount "82"]
[EventDate "1996.??.??"]

1. d4 Nf6 2. c4 e6 3. Nc3 Bb4 4. Qc2 c5 5. e3 Nc6 6. a3 Qa5 7. Nf3 Bxc3+ 8.
Qxc3 Qxc3+ 9. bxc3 d6 10. Bd3 e5 11. dxe5 dxe5 12. Bc2 Bd7 13. O-O O-O 14. Nd2
Na5 15. Ne4 Nxe4 16. Bxe4 Rae8 17. Rb1 b6 18. Bd5 Be6 19. e4 Nxc4 20. Bb7 Na5
21. Ba6 Bc4 22. Bxc4 Nxc4 23. a4 Rd8 24. Re1 Rd3 25. Bb2 Nxb2 26. Rxb2 Rxc3 27.
Rd1 Rc4 28. a5 bxa5 29. Rb5 Rd4 30. Re1 Rc8 31. Rxa5 Rc7 32. f3 f6 33. Rea1
Rdd7 34. Rc1 c4 35. Kf1 c3 36. Rc2 Rd2 37. Rc1 c2 38. Rd5 Rxd5 39. exd5 Kf7 40.
Ke2 f5 41. Kd3 Ke7 0-1

[Event "Howell (US Am N/6/6)"]
[Site "?"]
[Date "1996.??.??"]
[Round "?"]
[White "Vandivier, Don"]
[Black "Yahkind, Alex"]
[Result "1-0"]
[WhiteElo "1900"]
[BlackElo "2055"]
[PlyCount "65"]
[EventDate "1996.??.??"]

{6/(6)} 1. e4 c5 2. Nf3 e6 3. Nc3 Nc6 4. d4 cxd4 5. Nxd4 Nf6 6. Be3 Bb4 7. Bd3
O-O 8. O-O d5 9. exd5 exd5 10. Nce2 Bd6 11. c3 Ng4 12. Bf4 Bxf4 13. Nxf4 Qh4
14. Nf3 Qd8 15. Nxd5 Nge5 16. Nxe5 Nxe5 17. Bc2 Re8 18. Bb3 Be6 19. Re1 Ng6 20.
Qd4 Rc8 21. Rad1 Qg5 22. f4 Qg4 23. Rd3 Bxd5 24. Rxe8+ Rxe8 25. Qxd5 Re1+ 26.
Kf2 Qe2+ 27. Kg3 h5 28. Qxf7+ Kh7 29. Qf5 Rf1 30. h4 Qf2+ 31. Kh2 Qg1+ 32. Kh3
Rxf4 33. Qxh5# 1-0

[Event "Lansing (MI Op/4/11)"]
[Site "?"]
[Date "1996.??.??"]
[Round "?"]
[White "Vandivier, Don"]
[Black "Wysocki, Jason"]
[Result "0-1"]
[WhiteElo "1925"]
[BlackElo "2125"]
[PlyCount "58"]
[EventDate "1996.??.??"]

{4/(11)} 1. e4 c5 2. Nf3 d6 3. d4 cxd4 4. Nxd4 Nf6 5. Nc3 g6 6. Be3 Bg7 7. Be2
O-O 8. O-O Nc6 9. f4 Bd7 10. Bf3 Qb6 11. Na4 Qa5 12. Nxc6 bxc6 13. Nc3 Rab8 14.
Kh1 Rxb2 15. e5 dxe5 16. fxe5 Nd5 17. Nxd5 cxd5 18. Bxd5 Bf5 19. Rxf5 gxf5 20.
Bb3 Qxe5 21. Qd2 Rxb3 22. Re1 Rxe3 23. Rxe3 Qf4 24. Qe2 Rb8 25. g3 Qd6 26. Kg2
Qc6+ 27. Kh3 e6 28. Qh5 Qxc2 29. g4 Rb2 0-1

[Event "Kalamazoo (MI Am/3/3)"]
[Site "?"]
[Date "1996.??.??"]
[Round "?"]
[White "Vandivier, Don"]
[Black "Seipel, R."]
[Result "1/2-1/2"]
[WhiteElo "1905"]
[BlackElo "1695"]
[PlyCount "70"]
[EventDate "1996.??.??"]

{3/(3)} 1. e4 c5 2. Nf3 d6 3. d4 cxd4 4. Nxd4 Nf6 5. Nc3 a6 6. Bg5 e6 7. f4 Be7
8. Qf3 Qc7 9. O-O-O Nbd7 10. g4 b5 11. Bxf6 Nxf6 12. g5 Nd7 13. Bh3 Nc5 14. f5
Bxg5+ 15. Kb1 Bf6 16. fxe6 fxe6 17. Ndxb5 axb5 18. Nxb5 Qc6 19. Nxd6+ Ke7 20.
Rhg1 Rf8 21. Qh5 Rb8 22. e5 Rxb2+ 23. Kxb2 Qb6+ 24. Kc1 Nd3+ 25. cxd3 Qe3+ 26.
Kc2 Bxe5 27. Nc4 Rf2+ 28. Kb1 Qa7 29. Qh4+ Ke8 30. Nd2 Qb6+ 31. Nb3 Rb2+ 32.
Kc1 Qe3+ 33. Nd2 Rb1+ 34. Kc2 Rb2+ 35. Kc1 Rb1+ 1/2-1/2

[Event "Ann Arbor (Ann Arbor Open, U2000/2)"]
[Site "?"]
[Date "1996.??.??"]
[Round "?"]
[White "Vandivier, Don"]
[Black "Santiago, Reynaldo"]
[Result "0-1"]
[WhiteElo "1930"]
[BlackElo "1940"]
[PlyCount "56"]
[EventDate "1996.??.??"]

{2000/(2)} 1. e4 c5 2. Nf3 d6 3. d4 cxd4 4. Nxd4 Nf6 5. Nc3 a6 6. Bg5 e6 7. f4
Nbd7 8. Qf3 Qc7 9. O-O-O b5 10. a3 Be7 11. g4 O-O 12. Bxf6 Nxf6 13. g5 Nd7 14.
Rg1 Rb8 15. f5 Ne5 16. Qh5 g6 17. Qh6 Re8 18. Rg3 Bf8 19. Qh4 b4 20. axb4 Rxb4
21. Rh3 h5 22. gxh6 Kh7 23. fxg6+ fxg6 24. Be2 Qa5 25. Nf3 Be7 26. Qf4 Rf8 27.
Qd2 Nxf3 28. Rxf3 Bg5 0-1

[Event "Detroit (Class A/2/11)"]
[Site "?"]
[Date "1996.??.??"]
[Round "?"]
[White "Vandivier, Don"]
[Black "Roberts, Kenneth"]
[Result "0-1"]
[WhiteElo "1940"]
[BlackElo "1850"]
[PlyCount "72"]
[EventDate "1996.??.??"]

{2/(11)} 1. e4 e6 2. d4 d5 3. Nc3 Nf6 4. Bg5 dxe4 5. Bxf6 Qxf6 6. Nxe4 Qf5 7.
Bd3 Qa5+ 8. c3 Nc6 9. Qg4 e5 10. Qe2 Nxd4 11. Qe3 Ne6 12. Nf3 f6 13. O-O Bd7
14. Nfd2 c5 15. f4 exf4 16. Rxf4 O-O-O 17. b4 Qc7 18. Rff1 Kb8 19. b5 c4 20.
Bxc4 Nc5 21. Nb3 Nxe4 22. Qxe4 Bd6 23. h3 Rhe8 24. Qd3 Bh2+ 25. Kh1 Bxb5 26.
Bxb5 Rxd3 27. Bxd3 Be5 28. Bxh7 Rh8 29. Be4 Qxc3 30. Rf3 Qb4 31. Bd3 Bxa1 32.
Nxa1 Qe1+ 33. Rf1 Qe5 34. Nb3 Re8 35. Nc1 Qc3 36. Be2 Qd2 0-1

[Event "Kalamazoo (MI Am/1/4)"]
[Site "?"]
[Date "1996.??.??"]
[Round "?"]
[White "Vandivier, Don"]
[Black "Oosterbaan, N."]
[Result "1-0"]
[WhiteElo "1905"]
[BlackElo "1605"]
[PlyCount "41"]
[EventDate "1996.??.??"]

{1/(4)} 1. e4 e5 2. Bc4 Nf6 3. Nf3 Nc6 4. d4 exd4 5. e5 Nxe5 6. Nxe5 d5 7. Qxd4
c5 8. Bb5+ Nd7 9. Qxd5 Qe7 10. O-O Qe6 11. Nc3 Bd6 12. Nxd7 Bxd7 13. Bxd7+ Qxd7
14. Re1+ Kf8 15. Bf4 Rd8 16. Rad1 Bxf4 17. Qxd7 Rxd7 18. Rxd7 g6 19. Ree7 h5
20. Rxf7+ Kg8 21. Rxf4 1-0

[Event "Ann Arbor (Ann Arbor Open, U2000/4)"]
[Site "?"]
[Date "1996.??.??"]
[Round "?"]
[White "Vandivier, Don"]
[Black "Meza, L."]
[Result "1-0"]
[WhiteElo "1935"]
[BlackElo "1810"]
[PlyCount "65"]
[EventDate "1996.??.??"]

{2000/(4)} 1. e4 c5 2. Nf3 Nc6 3. d4 cxd4 4. Nxd4 d6 5. Nc3 g6 6. Be3 Nf6 7. f3
Bg7 8. Qd2 O-O 9. Nxc6 bxc6 10. Bh6 Be6 11. h4 Rb8 12. h5 Qa5 13. hxg6 fxg6 14.
Bxg7 Kxg7 15. b3 c5 16. Nb1 Qc7 17. Na3 d5 18. exd5 Qg3+ 19. Kd1 Bxd5 20. Kc1
Rfd8 21. Kb2 Be6 22. Qc3 Qf2 23. Re1 Kf7 24. Bc4 Bxc4 25. Qxc4+ Rd5 26. Rxh7+
Kg8 27. Rexe7 Rb4 28. Rhg7+ Kh8 29. Qa6 Qd4+ 30. c3 Qd2+ 31. Nc2 Rb6 32. Qxa7
Rdd6 33. Rh7+ 1-0

[Event "Howell (US Am N/2/26)"]
[Site "?"]
[Date "1996.??.??"]
[Round "?"]
[White "Vandivier, Don"]
[Black "Maul, Tim"]
[Result "1-0"]
[WhiteElo "1900"]
[BlackElo "1605"]
[PlyCount "53"]
[EventDate "1996.??.??"]

{2/(26)} 1. d4 Nf6 2. c4 d6 3. Nc3 Nbd7 4. e4 g6 5. Be3 e5 6. d5 Nc5 7. f3 Bg7
8. Qd2 O-O 9. Bh6 Ne8 10. h4 f5 11. h5 f4 12. Bxg7 Kxg7 13. hxg6 h6 14. g3 Qg5
15. gxf4 Qg3+ 16. Qf2 Qxf2+ 17. Kxf2 Rxf4 18. b4 Nd7 19. Bh3 Nf8 20. Nge2 Rh4
21. Bf5 Nxg6 22. Rhg1 Rh2+ 23. Ke3 Bxf5 24. exf5 Nf6 25. Rxg6+ Kf7 26. Rag1 Rg8
27. Rxf6+ 1-0

[Event "Lansing (MI Op/6/23)"]
[Site "?"]
[Date "1996.??.??"]
[Round "?"]
[White "Vandivier, Don"]
[Black "Kung, Fred"]
[Result "1-0"]
[WhiteElo "1925"]
[BlackElo "1875"]
[PlyCount "63"]
[EventDate "1996.??.??"]

{6/(23)} 1. e4 e6 2. d4 d5 3. Nc3 Bb4 4. Bd2 dxe4 5. Qg4 Nf6 6. Qxg7 Rg8 7. Qh6
Qxd4 8. O-O-O Bf8 9. Qh4 Rg4 10. Qh3 Qxf2 11. Be2 Qxg2 12. Bxg4 Qxg4 13. Qxg4
Nxg4 14. Nxe4 Bd7 15. h3 Bc6 16. Bg5 Nd7 17. hxg4 Bxe4 18. Rh2 f6 19. Re2 Bd5
20. Rxd5 fxg5 21. Rxg5 e5 22. Rh5 h6 23. Nf3 Bg7 24. Nd4 Kf7 25. Rf2+ Kg6 26.
Ne6 Nf6 27. Nxg7 Kxg7 28. Rxe5 Rc8 29. g5 hxg5 30. Rxg5+ Kh6 31. Rg1 Rf8 32. c4
1-0

[Event "Howell (US Am N/4/7)"]
[Site "?"]
[Date "1996.??.??"]
[Round "?"]
[White "Vandivier, Don"]
[Black "Kitts, Gary"]
[Result "1/2-1/2"]
[WhiteElo "1900"]
[BlackElo "2035"]
[PlyCount "53"]
[EventDate "1996.??.??"]

{4/(7)} 1. e4 e6 2. d4 d5 3. Nc3 Nf6 4. Bg5 Bb4 5. e5 h6 6. exf6 hxg5 7. fxg7
Rg8 8. Nf3 Qf6 9. a3 Bxc3+ 10. bxc3 c5 11. h4 gxh4 12. Rxh4 Qxg7 13. Ne5 Nc6
14. Rg4 Qf8 15. Bb5 Bd7 16. Bxc6 Bxc6 17. Rxg8 Qxg8 18. Qf3 Qh7 19. O-O-O Ba4
20. Qd3 Qxd3 21. Rxd3 f6 22. Rh3 O-O-O 23. Nd3 cxd4 24. cxd4 b6 25. Rh7 Rd7 26.
Rh8+ Rd8 27. Rh7 1/2-1/2

[Event "Lansing (MI Op/2/31)"]
[Site "?"]
[Date "1996.??.??"]
[Round "?"]
[White "Vandivier, Don"]
[Black "June, Brian"]
[Result "1-0"]
[WhiteElo "1925"]
[BlackElo "1835"]
[PlyCount "73"]
[EventDate "1996.??.??"]

{2/(31)} 1. e4 c5 2. Nf3 Nc6 3. Nc3 d6 4. d4 cxd4 5. Nxd4 g6 6. Be3 Bg7 7. Bc4
Nf6 8. f3 Bd7 9. Qd2 a6 10. h4 Qc7 11. Bb3 b5 12. h5 Nxh5 13. Nd5 Qb7 14. O-O-O
Ne5 15. g4 Nf6 16. Nxf6+ Bxf6 17. Bd5 Nc6 18. Nxc6 Bxc6 19. Bd4 e5 20. Bc3 Bxd5
21. Qxd5 Qxd5 22. Rxd5 Rd8 23. Rhd1 Be7 24. f4 f6 25. g5 fxg5 26. fxe5 dxe5 27.
Rxe5 Rxd1+ 28. Kxd1 Rf8 29. Re6 g4 30. Rxa6 Bc5 31. Rc6 Bf2 32. Rc8+ Kf7 33.
Rc7+ Ke6 34. Rxh7 Rf4 35. Rg7 Rxe4 36. Rxg6+ Kf5 37. Rf6+ 1-0

[Event "Kalamazoo (Swiss/2/3)"]
[Site "?"]
[Date "1996.??.??"]
[Round "?"]
[White "Vander Horst, D."]
[Black "Pulsipher, D."]
[Result "1-0"]
[WhiteElo "1605"]
[BlackElo "1715"]
[PlyCount "77"]
[EventDate "1996.??.??"]

{2/(3)} 1. e4 c5 2. Nf3 d6 3. d4 cxd4 4. Nxd4 Nf6 5. Nc3 g6 6. Be2 Bg7 7. Be3
O-O 8. Qd2 Nc6 9. h4 d5 10. Nxc6 bxc6 11. O-O-O Bb7 12. e5 Ne4 13. Nxe4 dxe4
14. Qxd8 Rfxd8 15. Rxd8+ Rxd8 16. Rd1 Rxd1+ 17. Kxd1 Bxe5 18. c3 a6 19. Kc2 Bd6
20. b4 e5 21. Kb3 Kf8 22. Ka4 Bc7 23. c4 f5 24. b5 cxb5+ 25. cxb5 axb5+ 26.
Kxb5 f4 27. Bb6 Bb8 28. a4 Ke7 29. a5 f3 30. gxf3 exf3 31. Bc4 h6 32. a6 Ba8
33. Be3 h5 34. Kb6 Be4 35. Bb5 Kd8 36. Bc6 Bf5 37. Kb7 Bc8+ 38. Kxb8 Bxa6 39.
Bc5 $138 1-0

[Event "Kalamazoo (Swiss/5/1)"]
[Site "?"]
[Date "1996.??.??"]
[Round "?"]
[White "Vander Horst, D."]
[Black "Ferguson, G."]
[Result "1-0"]
[WhiteElo "1605"]
[BlackElo "1825"]
[PlyCount "106"]
[EventDate "1996.??.??"]

{5/(1)} 1. e4 c5 2. Nf3 d6 3. d4 cxd4 4. Nxd4 Nf6 5. Nc3 a6 6. Bd3 e6 7. Nf3
Be7 8. O-O b5 9. e5 dxe5 10. Nxe5 Bb7 11. Bg5 Nbd7 12. Bxf6 Bxf6 13. Nxd7 Qxd7
14. Ne4 Bxb2 15. Rb1 Bd4 16. c3 Bb6 17. Nd6+ Ke7 18. Nxb7 Qxb7 19. Re1 Rhd8 20.
Qe2 Rac8 21. c4 Ba5 22. Rec1 Qd7 23. Rd1 bxc4 24. Be4 Qc7 25. Rb7 Rxd1+ 26.
Qxd1 Qxb7 27. Bxb7 Rb8 28. Bxa6 c3 29. Bc4 Rb2 30. Bb3 Rd2 31. Qc1 Kf6 32. g3
g6 33. Bc4 c2 34. Kg2 e5 35. Kf3 Bc3 36. Ke3 Rd4 37. Bd3 Kg7 38. Qxc2 Bb4 39.
Qc7 Bd6 40. Qc6 f5 41. a4 Kh6 42. a5 Be7 43. Bxf5 Rd6 44. Qc3 Bg5+ 45. f4 exf4+
46. gxf4 Bxf4+ 47. Kxf4 g5+ 48. Ke5 Rg6 49. Bxg6 hxg6 50. Kf6 Kh5 51. Qg3 g4
52. h3 g5 53. Qxg4+ Kh6 1-0

[Event "Kalamazoo (MI Am/3/28)"]
[Site "?"]
[Date "1996.??.??"]
[Round "?"]
[White "Van Den Abell, Tom"]
[Black "Sterngast, A."]
[Result "1-0"]
[WhiteElo "1605"]
[BlackElo "1605"]
[PlyCount "83"]
[EventDate "1996.??.??"]

{3/(28)} 1. e4 e5 2. Nf3 Nc6 3. Bb5 a6 4. Ba4 Nf6 5. d3 Bc5 6. c3 b5 7. Bb3 Na5
8. Bc2 d5 9. b4 Bb6 10. Nxe5 O-O 11. bxa5 Bxa5 12. Be3 dxe4 13. Nc6 Qd6 14.
Nxa5 Ng4 15. g3 Nxe3 16. fxe3 exd3 17. Bxd3 Qb6 18. Nb3 Qxe3+ 19. Qe2 Qg5 20.
N1d2 Bb7 21. Ne4 Qe5 22. Nd4 c5 23. Nf6+ Qxf6 24. Rf1 Qg5 25. Nf3 Bxf3 26. Rxf3
Rae8 27. Be4 Qe5 28. Re3 Qg5 29. h4 Qe5 30. Bxh7+ Kxh7 31. Rxe5 Rxe5 32. Qxe5
Rc8 33. Qf5+ g6 34. Qxc8 b4 35. Rc1 a5 36. cxb4 cxb4 37. g4 Kg7 38. g5 a4 39.
Rc7 b3 40. Qe8 b2 41. Qxf7+ Kh8 42. Qf8# 1-0

[Event "Kalamazoo (MI Am/5/25)"]
[Site "?"]
[Date "1996.??.??"]
[Round "?"]
[White "Van Den Abell, Tom"]
[Black "Pash, S."]
[Result "1-0"]
[WhiteElo "1605"]
[BlackElo "1605"]
[PlyCount "85"]
[EventDate "1996.??.??"]

{5/(25)} 1. e4 Nf6 2. Nc3 e5 3. Bc4 Nc6 4. Nf3 h6 5. d4 d6 6. d5 Ne7 7. O-O Bg4
8. h3 Qd7 9. Bb5 c6 10. dxc6 bxc6 11. Bc4 d5 12. Nxe5 Qc8 13. Nxg4 dxc4 14. Ne5
Qe6 15. Bf4 Rd8 16. Qe2 g5 17. Bg3 Ng6 18. Nxg6 fxg6 19. e5 Nh5 20. Ne4 Nf4 21.
Bxf4 gxf4 22. f3 Bg7 23. Nc5 Qxe5 24. Rfe1 Kf8 25. Ne6+ Qxe6 26. Qxe6 Bd4+ 27.
Kf1 Be3 28. Qf6+ Kg8 29. Qxd8+ Kg7 30. Qe7+ Kg8 31. Rad1 Bb6 32. Rd8+ Bxd8 33.
Qxd8+ Kg7 34. Re7+ Kf6 35. Rh7+ Kf5 36. Rxh8 g5 37. Qa5+ Kf6 38. Qc3+ Kg6 39.
Rf8 Kh5 40. Kf2 a5 41. Qf6 a4 42. Rh8 a3 43. Qxh6# 1-0

[Event "Kalamazoo (MI Am/1/21)"]
[Site "?"]
[Date "1996.??.??"]
[Round "?"]
[White "Van Den Abell, Tom"]
[Black "Jensen, M."]
[Result "0-1"]
[WhiteElo "1605"]
[BlackElo "1625"]
[PlyCount "42"]
[EventDate "1996.??.??"]

{1/(21)} 1. e4 e5 2. Nf3 Nc6 3. Bb5 a6 4. Ba4 Nf6 5. d3 Bc5 6. c3 b5 7. Bb3 Bb6
8. d4 exd4 9. cxd4 Nxe4 10. Bc2 Nf6 11. Be3 Bb7 12. a3 Ne7 13. Nbd2 Ned5 14.
Qe2 Qe7 15. O-O O-O 16. Rad1 Rae8 17. Qd3 Nxe3 18. Rde1 Nxf1 19. Rxe7 Nxd2 20.
Ng5 Rxe7 21. Nxh7 Re1+ 0-1

[Event "Kalamazoo (Swiss/1/2)"]
[Site "?"]
[Date "1996.??.??"]
[Round "?"]
[White "Van Den Abell, Tom"]
[Black "Ferguson, G."]
[Result "0-1"]
[WhiteElo "1605"]
[BlackElo "1825"]
[PlyCount "54"]
[EventDate "1996.??.??"]

{1/(2)} 1. e4 c5 2. Nf3 d6 3. Nc3 Nf6 4. d4 cxd4 5. Nxd4 a6 6. Bd3 Nbd7 7. Bf4
e5 8. Nf5 exf4 9. Nxd6+ Bxd6 10. f3 O-O 11. Qd2 b5 12. a3 Qb6 13. O-O-O Bc5 14.
Rhe1 Ne5 15. Qxf4 Nxd3+ 16. Rxd3 Be6 17. b3 Bxa3+ 18. Kd1 Rad8 19. Nb1 Rxd3+
20. cxd3 Bxb3+ 21. Ke2 Bb4 22. Nd2 Bc2 23. Rc1 Bxd3+ 24. Kxd3 Rd8+ 25. Ke2 Qd4
26. Rd1 Qd3+ 27. Kf2 Bxd2 0-1

[Event "Kalamazoo (Swiss/3/11)"]
[Site "?"]
[Date "1996.??.??"]
[Round "?"]
[White "Van Den Abell, Tom"]
[Black "Duff, I."]
[Result "0-1"]
[WhiteElo "1605"]
[BlackElo "1605"]
[PlyCount "63"]
[EventDate "1996.??.??"]

{3/(11)} 1. e4 Nc6 2. Nf3 b6 3. Bc4 Nf6 4. Ng5 Bb7 5. Nxf7 Qb8 6. Nxh8 g6 7. d3
Bg7 8. Nf7 d5 9. Bxd5 Nxd5 10. Ng5 Nf6 11. Be3 Nd7 12. Ne6 Bxb2 13. Nd2 Bxa1
14. Qxa1 Nb4 15. Qh8+ Kf7 16. Qxh7+ Kxe6 17. Qxg6+ Nf6 18. e5 Kxe5 19. Nc4+ Ke6
20. O-O Qg8 21. Qxg8+ Rxg8 22. g3 Nxc2 23. Bc1 Rh8 24. f3 Nd4 25. Re1+ Kf7 26.
Ne5+ Ke8 27. Bb2 Bxf3 28. Bxd4 Ng4 29. Nc6 Rxh2 30. Nxa7 Rxa2 31. Ra1 Rxa1+ 32.
Bxa1 {[Remainder illegible; 0-1, 40?]} 0-1

[Event "Detroit (MI Action/6/13)"]
[Site "?"]
[Date "1996.??.??"]
[Round "?"]
[White "Valdivia, Alex"]
[Black "West, Tony"]
[Result "0-1"]
[WhiteElo "1605"]
[BlackElo "1635"]
[PlyCount "70"]
[EventDate "1996.??.??"]

{6/(13)} 1. e4 c5 2. b4 cxb4 3. a3 bxa3 4. Rxa3 e6 5. Re3 Nf6 6. Ba3 Bxa3 7.
Nxa3 O-O 8. Bd3 Nc6 9. c3 Ne5 10. f3 Qa5 11. Nc4 Nxd3+ 12. Rxd3 Qg5 13. Qe2 b6
14. Nh3 Qc5 15. Re3 Ba6 16. d3 d5 17. Ne5 Qxc3+ 18. Qd2 Qxe5 19. exd5 Qxd5 20.
O-O Qd4 21. Nf2 Rfd8 22. h3 Rac8 23. Rc1 Rxc1+ 24. Qxc1 Rc8 25. Qd2 Rc3 26. Kh1
h6 27. g3 b5 28. Nd1 Rc8 29. h4 Bb7 30. Kg2 Ng4 31. Re4 Bxe4 32. fxe4 b4 33.
Kh3 h5 34. Qb2 Qxd3 35. Nf2 Qf1# 0-1

[Event "Detroit (MI Action/5/17)"]
[Site "?"]
[Date "1996.??.??"]
[Round "?"]
[White "Valdivia, Alex"]
[Black "Fleshman, Justin"]
[Result "1/2-1/2"]
[WhiteElo "1605"]
[BlackElo "1605"]
[PlyCount "55"]
[EventDate "1996.??.??"]

{5/(17)} 1. e4 e5 2. f4 exf4 3. Nf3 Nf6 4. Nc3 Bb4 5. Bc4 Bxc3 6. dxc3 Nxe4 7.
Bxf4 O-O 8. O-O d6 9. Nd4 Nf6 10. Bg5 h6 11. Bxf6 gxf6 12. Nf5 Bxf5 13. Rxf5
Qe7 14. Qg4+ Kh8 15. Qh5 Kg7 16. Qg4+ Kh8 17. Qh5 Kg7 18. Raf1 Qe3+ 19. Kh1 Nc6
20. Rxf6 Ne5 21. Bxf7 Qg5 22. Qxg5+ hxg5 23. R6f5 Nxf7 24. h3 Rae8 25. R1f3 Re2
26. Rf2 Rxf2 27. Rxf2 Ne5 28. g4 {[Remainder unavailable]} 1/2-1/2

[Event "Detroit (MI Action/2/24)"]
[Site "?"]
[Date "1996.??.??"]
[Round "?"]
[White "Valdivia, Alex"]
[Black "Bullard, M."]
[Result "1-0"]
[WhiteElo "1605"]
[BlackElo "1605"]
[PlyCount "53"]
[EventDate "1996.??.??"]

{2/(24)} 1. e4 e5 2. f4 Nc6 3. Nc3 exf4 4. Nf3 Bd6 5. Bc4 Nf6 6. d4 Bb4 7. O-O
Bxc3 8. bxc3 Nxe4 9. Qe1 d5 10. Bxf4 O-O 11. Bd3 Re8 12. Ne5 Nxe5 13. Bxe5 Nf6
14. Bxf6 gxf6 15. Qg3+ Kh8 16. Qh4 Kg8 17. Bxh7+ Kf8 18. Qh6+ Ke7 19. Qxf6+ Kd7
20. Qxf7+ Qe7 21. Qxd5+ Qd6 22. Rf7+ Re7 23. Bf5+ Kd8 24. Rf8+ Re8 25. Rxe8+
Kxe8 26. Re1+ Qe7 27. Qg8# 1-0

[Event "Kalamazoo (Swiss/4/11)"]
[Site "?"]
[Date "1996.??.??"]
[Round "?"]
[White "Tuzeneu, Jim"]
[Black "Van Den Abell, Tom"]
[Result "0-1"]
[WhiteElo "1605"]
[BlackElo "1605"]
[PlyCount "64"]
[EventDate "1996.??.??"]

{4/(11)} 1. e4 c5 2. Bc4 e6 3. Nf3 g6 4. d4 cxd4 5. Nxd4 d5 6. exd5 exd5 7. Be2
Ne7 8. Bg5 Bg7 9. Nc3 f6 10. Bf4 Nbc6 11. Nxc6 bxc6 12. Bg4 Ba6 13. Qf3 f5 14.
Bh3 O-O 15. g4 d4 16. Ne2 Qd5 17. Bg2 Qc4 18. O-O Qxc2 19. Rfe1 d3 20. Rec1
Qxb2 21. Ng3 Qa3 22. Rab1 Qxa2 23. Rb4 Qa3 24. Rd4 Qxc1+ 25. Nf1 Bxd4 26. h3 d2
27. Kh2 Bxf1 28. Bxd2 Qb1 29. Bg5 Be5+ 30. Bf4 Bxf4+ 31. Qxf4 Rad8 32. Qe5 Nd5
0-1

[Event "Kalamazoo (MI Am/4/27)"]
[Site "?"]
[Date "1996.??.??"]
[Round "?"]
[White "Tuzeneu, Jim"]
[Black "Stark, A."]
[Result "1-0"]
[WhiteElo "1605"]
[BlackElo "1605"]
[PlyCount "57"]
[EventDate "1996.??.??"]

{4/(27)} 1. e4 e5 2. Nc3 Nf6 3. Nf3 d6 4. Bc4 Bg4 5. d3 c6 6. h3 Bxf3 7. Qxf3
Nbd7 8. Bd2 b5 9. Nxb5 cxb5 10. Bxb5 Rb8 11. a4 Rb6 12. O-O a6 13. Bc4 a5 14.
b3 Be7 15. Rfe1 O-O 16. Be3 Rb4 17. Qf5 g6 18. Qf3 Nb6 19. Bh6 Re8 20. Bb5 Nfd7
21. Qg3 Nxa4 22. d4 Nb2 23. Bxd7 Qxd7 24. Rxa5 Bd8 25. Ra8 Qb7 26. Rxd8 Rxd8
27. Qh4 Re8 28. Qf6 Qe7 29. Qg7# 1-0

[Event "Kalamazoo (MI Am/1/25)"]
[Site "?"]
[Date "1996.??.??"]
[Round "?"]
[White "Tuzeneu, Jim"]
[Black "Rozeboom, D."]
[Result "0-1"]
[WhiteElo "1605"]
[BlackElo "1605"]
[PlyCount "47"]
[EventDate "1996.??.??"]

{1/(25)} 1. e4 c5 2. Nf3 d6 3. Bc4 Nc6 4. c3 Nf6 5. d3 a6 6. a3 e6 7. Nbd2 b5
8. Ba2 Be7 9. c4 O-O 10. Ng5 h6 11. Nh3 e5 12. Qf3 Nd4 13. Qd1 Bxh3 14. gxh3
Qd7 15. Nf3 Qxh3 16. Nxd4 cxd4 17. Qb3 Qg2 18. Rf1 Ng4 19. Ke2 Nxh2 20. Re1
Qf3+ 21. Kd2 Bg5+ 22. Kc2 Qxf2+ 23. Bd2 Qxd2+ 24. Kb1 0-1

[Event "Kalamazoo (Swiss/1/4)"]
[Site "?"]
[Date "1996.??.??"]
[Round "?"]
[White "Tuzeneu, Jim"]
[Black "Post, Robert"]
[Result "0-1"]
[WhiteElo "1605"]
[BlackElo "1680"]
[PlyCount "70"]
[EventDate "1996.??.??"]

{1/(4)} 1. e4 g6 2. Nf3 Bg7 3. d4 d6 4. Bc4 Nf6 5. Nc3 O-O 6. Be3 Ng4 7. Qe2
Nxe3 8. Qxe3 c6 9. O-O-O b5 10. Bb3 a5 11. a3 b4 12. Ne2 bxa3 13. bxa3 Qb6 14.
Rd3 a4 15. Ba2 c5 16. Kd2 Ba6 17. Rb1 Qa5+ 18. Rc3 cxd4 19. Nexd4 h5 20. Qg5
Qxg5+ 21. Nxg5 Bh6 22. f4 e5 23. Bxf7+ Rxf7 24. Nxf7 Bxf4+ 25. Kd1 exd4 26. Rc7
d5 27. exd5 Bxc7 28. Ng5 Nd7 29. Rb4 Bb6 30. Rxa4 Be2+ 31. Kxe2 Rxa4 32. d6
Rxa3 33. Kd2 Ba5+ 34. Kc1 Bc3 35. h3 Ra1# 0-1

[Event "Kalamazoo (Swiss/3/12)"]
[Site "?"]
[Date "1996.??.??"]
[Round "?"]
[White "Tuzeneu, Jim"]
[Black "Masse, David"]
[Result "0-1"]
[WhiteElo "1605"]
[BlackElo "1605"]
[PlyCount "94"]
[EventDate "1996.??.??"]

{3/(12)} 1. e4 g6 2. d4 Bg7 3. Nf3 d6 4. Nc3 e5 5. Bc4 c6 6. d5 b5 7. Bb3 a5 8.
a3 a4 9. Ba2 Nf6 10. O-O O-O 11. dxc6 Nxc6 12. Nxb5 Nxe4 13. Bd5 Ba6 14. Bxc6
Bxb5 15. Bxb5 Ra5 16. Bc6 Nc5 17. Bd5 Nd7 18. Bg5 Qb8 19. Rb1 Nb6 20. Be4 d5
21. Qd2 Nc4 22. Qb4 Rb5 23. Qxa4 Nxb2 24. Qa6 Rb6 25. Qe2 dxe4 26. Qxe4 Rc8 27.
Rbc1 Nc4 28. a4 Rb4 29. Ra1 Nd2 30. Bxd2 Rxe4 31. a5 Re2 32. Rfb1 Qc7 33. c3 e4
34. a6 Qc5 35. Be3 Rxe3 36. fxe3 Qxe3+ 37. Kh1 exf3 38. gxf3 Qxf3+ 39. Kg1 Qe3+
40. Kg2 Bxc3 41. Ra3 Qe4+ 42. Kg3 Be5+ 43. Kh3 Qxb1 44. a7 Qf5+ 45. Kg2 Qe4+
46. Kh3 h5 47. a8=Q Qg4# 0-1

[Event "Detroit (Class B/2/10)"]
[Site "?"]
[Date "1996.??.??"]
[Round "?"]
[White "Turner, P."]
[Black "Raupp, Kenneth L"]
[Result "1-0"]
[WhiteElo "1715"]
[BlackElo "1675"]
[PlyCount "43"]
[EventDate "1996.??.??"]

{2/(10)} 1. d4 e6 2. c4 f5 3. Nc3 Bb4 4. a3 Bxc3+ 5. bxc3 Nf6 6. Nf3 O-O 7. g3
Qe8 8. Bg2 d6 9. O-O Nbd7 10. a4 Ne4 11. Qc2 Qg6 12. Nh4 Qh5 13. Bxe4 fxe4 14.
Qxe4 Nf6 15. Qc2 g5 16. Bxg5 Qxg5 17. e4 e5 18. f4 exf4 19. Rxf4 Bh3 20. Rb1
Nh5 21. Rb5 Rxf4 22. Rxg5+ 1-0